Effects of accumulation of air pollutants in forest ecosystems: proceedings of a workshop at Gottingen, Germany. 1982. (Record no. 38100)

MARC details
000 -LEADER
fixed length control field 00424nam a2200133Ia 4500
082 ## - DEWEY DECIMAL CLASSIFICATION NUMBER
Classification number 581.5:614.7(06)
Item number ULR
100 ## - MAIN ENTRY--AUTHOR NAME
Personal name PANKRATH, J
245 #0 - TITLE STATEMENT
Title Effects of accumulation of air pollutants in forest ecosystems: proceedings of a workshop at Gottingen, Germany. 1982.
260 ## - PUBLICATION, DISTRIBUTION, ETC. (IMPRINT)
Place of publication London
Name of publisher Reidel
Year of publication 1983
650 ## - SUBJECT ADDED ENTRY--TOPICAL TERM
Topical Term Forest ecosystem
700 ## - ADDED ENTRY--PERSONAL NAME
Personal name ULRICH, B
942 ## - ADDED ENTRY ELEMENTS (KOHA)
Koha item type Books
Holdings
Withdrawn status Lost status Damaged status Not for loan Home library Current library Date acquired Full call number Accession Number Koha item type
        RRII Library RRII Library 16/12/2021 581.5:614.7(06) ULR 18466 Books